000 00460nam a22001697a 4500
005 20251108172330.0
008 250721s1989 xx 000 0 ara d
082 1 4 _a320.95694/تيم
100 1 _aتيم، سعيد
245 1 0 _aالنظام السياسي الإسرائيلي /
264 1 _aبيروت :
_bدار الجيل،
_c1989.
300 _a572ص
650 1 7 _aإسرائيل
650 1 7 _aالسياسة
942 _2ddc
_cBK
999 _c76459
_d76459